000 00522nam a2200181Ia 4500
003 GCL
008 140319s9999 xx 000 0 ara d
040 _aGCL /
_cGCL
082 0 4 _a415.1
_bم م
100 1 _aمحمد الامين الخضرى
245 1 0 _aمن اسرار حروف الجر فى الذكر الحكيم /
_cمحمد الامين الخضرى
300 _a383
490 _a
650 0 4 _aالنحو
650 0 4 _aاللغة العربية
650 0 4 _aالقران - الفاظ
942 _2ddc
_cBK
999 _c37777
_d37777